000
00297nam a22001337a 4500
008
180301b xxu||||| |||| 00| 0 eng d
020
_a
9781899883721
041
_a
eng
080
_a
78
100
_a
45
101
_a
MUZ
245
_a
Opera a new way of listening
_c
Alexander,
942
_2
udc
_c
BK
999
_c
43893
_d
43893